Microbiology (Record no. 23461)

MARC details
000 -LEADER
fixed length control field 00352nam a2200133Ia 4500
082 ## - DEWEY DECIMAL CLASSIFICATION NUMBER
Classification number 581.5
Item number CLO
100 ## - MAIN ENTRY--AUTHOR NAME
Personal name CLOVDSLEY-THOMPSON, J L
245 #0 - TITLE STATEMENT
Title Microbiology
260 ## - PUBLICATION, DISTRIBUTION, ETC. (IMPRINT)
Place of publication London
Name of publisher ELBS
Year of publication 1973
490 ## - SERIES STATEMENT
Series statement Institute of Biology's studies in biology; no. 6
650 ## - SUBJECT ADDED ENTRY--TOPICAL TERM
Topical Term Microecology
942 ## - ADDED ENTRY ELEMENTS (KOHA)
Koha item type Books
Holdings
Withdrawn status Lost status Damaged status Not for loan Home library Current library Date acquired Full call number Accession Number Koha item type
        RRII Library RRII Library 16/12/2021 581.5 CLO 04159 Books